000 02521nam0a2200349 4500
001 RU\NLR\BIBL_A\012564372
005 20230926153319.0
010 _a978-5-9948-3741-2
_9100
021 _aRU
_bКН-П-21-013920
_9КН-П-21-1115
035 _a(NLR Aleph) 012564372
090 _a12470650
_c12470650
100 _a20210714d2020 u y0rusy50 ca
101 0 _arus
102 _aRU
105 _aa j 010zy
181 0 _ai
_baxxe
182 0 _an
200 1 _aДинамика движения. Линейная теория подрессоривания
_eучебное пособие
_eв соответствии с ФГОС ВО по специальности 17.05.01 "Стрелково-пушечное, артиллерийское и ракетное оружие" (специализация "Самоходное артиллерийское и танковое оружие") и специальности 24.05.01 " "Проектирование, производство и эксплуатация ракет и ракетно-космических комплексов" (специализация "Пусковые устройства, транспортно-установочное оборудование и средства обслуживания стартовых комплексов")
_fВ. В. Новиков
_gМинистерство науки и высшего образования Российской Федерации, Волгоградский государственный технический университет
203 _aТекст
_bвизуальный
_cнепосредственный
210 _aВолгоград
_cВолгГТУ
_d2020
215 _a158 [2] с.
_cил., табл.
_d20
300 _aНа обл.: ВолгГТУ 90 лет
320 _aБиблиогр.: с. 158-159 (21 назв.)
517 1 _aЛинейная теория подрессоривания
606 1 _aАвтомобили
_jУчебные издания для высших учебных заведений
_xПодрессоривание
_92537977
_3RU\NLR\AUTH\6601716373
686 1 _aО33-042.64я73-1
700 1 _7ca
_8rus
_aНовиков
_bВ. В.
_cд-р техн. наук, транспортные системы
_gВячеслав Владимирович
_930395
_3RU\NLR\AUTH\7747460
942 _cBOOK
980 _aNBR
980 _aNB